Безопасность России. Правовые, социально-экономические и научно-технические аспекты: словарь терминов и определений

التفاصيل البيبلوغرافية
اللغة:الروسية
منشور في: Москва, Знание, 1999
الطبعة:2-е изд., доп.
الموضوعات:
التنسيق: كتاب
KOHA link:https://koha.lib.tpu.ru/cgi-bin/koha/opac-detail.pl?biblionumber=22445

MARC

LEADER 00000nam0a2200000 4500
001 22445
005 20231030194727.0
010 |a 5876330396 
035 |a (RuTPU)RU\TPU\book\22658 
035 |a BOOK00000421 
090 |a 22445 
100 |a 20011209d1999 m y0rusy50 ca 
101 0 |a rus 
102 |a RU 
105 |a y e 000zy 
200 1 |a Безопасность России. Правовые, социально-экономические и научно-технические аспекты  |e словарь терминов и определений 
205 |a 2-е изд., доп. 
210 |a Москва  |c Знание  |d 1999 
215 |a 368 с. 
610 1 |a политика 
610 1 |a государство 
610 1 |a право 
610 1 |a безопасность 
610 1 |a экономика 
610 1 |a Россия 
610 1 |a словари 
610 1 |a терминологические словари 
686 |a Ф3(2)3я2  |v LBC/SL-A  |2 rubbk 
686 |a Х620.3я2  |v LBC/SL-A  |2 rubbk 
686 |a У9(2)0-98я2  |v LBC/SL-A  |2 rubbk 
801 0 |a RU  |b 63413507  |c 20011209  |g PSBO 
801 2 |a RU  |b 63413507  |c 20080905  |g PSBO 
942 |c BK